Online
Catalog

Aguas de remanso : (Record no. 32242)

MARC details
000 -CABECERA
campo de control de longitud fija 00866nam a2200253 a 4500
001 - NÚMERO DE CONTROL
campo de control 000032751
003 - IDENTIFICADOR DEL NÚMERO DE CONTROL
campo de control OSt
005 - FECHA Y HORA DE LA ÚLTIMA TRANSACCIÓN
campo de control 20240412074256.0
008 - DATOS DE LONGITUD FIJA--INFORMACIÓN GENERAL
campo de control de longitud fija 110726s1926 dr 000 0 spa d
040 ## - FUENTE DE LA CATALOGACIÓN
Centro catalogador/agencia de origen DO-SdBNP
Lengua de catalogación spa
Centro/agencia transcriptor BNPHU
049 ## - FONDOS LOCALES (OCLC)
Fondos de biblioteca BNPD
082 #4 - NÚMERO DE LA CLASIFICACIÓN DECIMAL DEWEY
Número de clasificación RD861.42
Número de documento/Ítem J61a
100 1# - ENTRADA PRINCIPAL--NOMBRE DE PERSONA
Nombre de persona Jimenes Grullón, J. I.
9 (RLIN) 52789
245 10 - MENCIÓN DE TÍTULO
Título Aguas de remanso :
Resto del título poemas en prosa /
Mención de responsabilidad, etc. J. I. Jimenes Grullón ; prefacio por V. García Calderón; introducción por Ángel Rafael Lamarche
260 ## - PUBLICACIÓN, DISTRIBUCIÓN, ETC.
Lugar de publicación, distribución, etc. Paris :
Nombre del editor, distribuidor, etc. Excelsior,
Fecha de publicación, distribución, etc. 1926.
300 ## - DESCRIPCIÓN FÍSICA
Extensión 119 p. ;
Dimensiones 18 cm.
590 ## - NOTA LOCAL (RLIN)
Nota local Inventariado, 2021 / DG
650 #4 - PUNTO DE ACCESO ADICIONAL DE MATERIA--TÉRMINO DE MATERIA
Término de materia o nombre geográfico como elemento de entrada Poesía dominicana
9 (RLIN) 76726
650 #0 - PUNTO DE ACCESO ADICIONAL DE MATERIA--TÉRMINO DE MATERIA
Término de materia o nombre geográfico como elemento de entrada Literatura dominicana.
9 (RLIN) 67
700 1# - PUNTO DE ACCESO ADICIONAL--NOMBRE DE PERSONA
Nombre de persona García Calderón , V.
Término indicativo de función/relación prefacio
9 (RLIN) 76727
700 1# - PUNTO DE ACCESO ADICIONAL--NOMBRE DE PERSONA
Nombre de persona Lamarche, Ángel Rafael
Término indicativo de función/relación introducción
9 (RLIN) 24282
910 ## - DATOS DE OPCIÓN DEL USUARIO (OCLC)
Datos de opción del usuario Validado. Control de calidad, MFF
942 ## - ELEMENTOS DE PUNTO DE ACCESO ADICIONAL (KOHA)
Fuente del sistema de clasificación o colocación Dewey Decimal Classification
Tipo de ítem Koha Libros y folletos
Holdings
Estado de retiro Estado de pérdida Fuente del sistema de clasificación o colocación Restricciones de uso No para préstamo Código de colección Localización permanente Ubicación/localización actual Ubicación en estantería Fecha de adquisición Total de préstamos Signatura topográfica completa Código de barras Fecha visto por última vez Precio válido a partir de Tipo de ítem Koha Nota pública
    Dewey Decimal Classification Excluido de préstamo Excluido de préstamo Patrimonio Dominicano Patrimonio Dominicano Biblioteca Nacional Pedro Henríquez Ureña Depósito 26.07.2011   BNPHU PD-RV RD861.42 J61a 32751-10 25.06.2020 25.06.2020 Libro y Folleto Colección Patrimonio Dominicano Perteneció a la biblioteca personal de Martínez Boog.

Powered by Koha